000
00295 a2200145 4500
001
49895
020
_a
9788574067858
040
_c
Anchieta - Bela Vista
240
1
0
_a
L de livro
_l
por
245
1
0
_a
L de livro
300
_a
26
362
0
_a
2017
650
4
_a
Literatura infantil
942
_c
BK
999
_c
49895
_d
49895